000 00321 a2200109 4500
001 ART_12051
005 20260410161902.0
008 260409a
245 1 0 _aExact and superlative index numbers
100 1 _aDiewert, W. E.
773 0 _tJournal of econometrics
_g- Vol. 4, NÂș 2 (may. 1976)
_wREV11720
999 _c26056
_d26056